000
00210 a2200097 4500
001
1036
100
_a
Adjins,B.
245
_a
General theory of electrical machine
260
_a
_b
Chapman
_c
090
_c
603
_d
603
942
_a
NUST-CAE
_c
M
_c
32523
999
_c
236109
_d
236109